000 00572nam a2200217Ia 4500
005 20260429111901.0
008 260429s9999||||xx |||||||||||||| ||und||
020 _a9789357513142
041 _aEnglish
082 _a576.5
_bMAR
100 _aMarshal, Felix
245 0 _aGenome the autobiography of a species /
_cFelix Marshal
260 _aNew Delhi :
_bRandom Publications,
_c2025.
300 _aix, 280 p.; hb
650 _a Evolution
650 _a Genetics
650 _a Human genome
650 _a Molecular biology
650 _aGenomics
942 _cTB
999 _c51265
_d51265